000 00784nam a2200253Ia 4500
003 OSt
005 20220923225312.0
006 a|||||r|||| 00| 0
007 ta
008 220922b |||||||| |||| 00| 0 hin d
024 _a262,348
037 _cTextual
040 _aARTS
_cARTS
_bhin
041 _2hin
_ahin
082 _aO152,1x, L3
100 _aहेमराज, दिवाकर
245 0 _aदर्द की आवाज़
246 _aDarda kī āvāज़
260 _aखानपृर
_b दिवाकर प्रकाशन
_c1973
300 _a48पृ.
_ccm.
650 _aहिन्दी साहित्य
_9156264
942 _hO152,1x, L3
_cTEXL
_2CC
999 _c377390
_d377390